| 000 | 00782nam a2200265Ia 4500 | ||
|---|---|---|---|
| 005 | 20260121172818.0 | ||
| 008 | 008 260114s9999 xx 000 0 eng d | ||
| 020 | _a9783030776961 | ||
| 037 | _aEBOOK | ||
| 040 | _aCRL | ||
| 040 | _beng | ||
| 040 | _cCRL | ||
| 041 | _2eng | ||
| 041 | _aeng | ||
| 084 | _qCRL | ||
| 100 |
_aMorteza Nazari-Heris, Somayeh Asadi, Behnam Mohammadi-Ivatloo, Moloud Abdar, Houtan Jebelli, Milad Sadat-Mohammadi _91093035 |
||
| 245 | 0 | _aApplication of Machine Learning and Deep Learning Methods to Power System Problems | |
| 260 | _bSpringer | ||
| 260 | _bSpringer | ||
| 260 | _c2021 | ||
| 856 | _uhttps://link.springer.com/openurl?genre=book&isbn=978-3-030-77696-1 | ||
| 942 | _cEBOOK | ||
| 999 |
_c1658776 _d1658776 |
||